AH International Schools' Libraries

Healthy mind happy you: (Record no. 49488)

MARC details
000 -LEADER
fixed length control field 00363nam a2200121 4500
020 ## - INTERNATIONAL STANDARD BOOK NUMBER
International Standard Book Number 9780702323195
100 ## - MAIN ENTRY--PERSONAL NAME
Personal name Macdonagh, Emily
9 (RLIN) 86648
245 ## - TITLE STATEMENT
Title Healthy mind happy you:
Remainder of title how to take care of your mental health /
Statement of responsibility, etc Dr Emily Macdonagh
260 ## - PUBLICATION, DISTRIBUTION, ETC. (IMPRINT)
Place of publication, distribution, etc UK
Name of publisher, distributor, etc Scholastic
Date of publication, distribution, etc 2024
300 ## - PHYSICAL DESCRIPTION
Extent 128 p.
Other physical details col. ill.
Dimensions 121 cm.
650 ## - SUBJECT ADDED ENTRY--TOPICAL TERM
Topical term or geographic name as entry element Mental Health
942 ## - ADDED ENTRY ELEMENTS (KOHA)
Source of classification or shelving scheme
Koha item type Book
Holdings
Withdrawn status Lost status Source of classification or shelving scheme Damaged status Not for loan Collection code Home library Current library Shelving location Date acquired Total Checkouts Full call number Barcode Date last seen Price effective from Koha item type
          TEACHERS' RESOURCES Asian Hope Primary Library Asian Hope Primary Library Non Fiction 09/03/2025   616 MAC 209331 09/03/2025 09/03/2025 Book

For any Logos Library related questions please contact Miss Art at swongnarasuk@asianhope.org.

For any Asian Hope Library related questions please contact Miss Raza at graza@asianhope.org.

Powered by Koha